Durácia kupónovej obligácie ako kritérium cenovej citlivosti obligácie vzhľadom na zmenu úrokových sadzieb

Pojem durácia kupónovej obligácie. Využitie durácie na výpočet teoretickej ceny obligácie pri zmene trhovej úrokovej sadzby. Odvodenie nového vzorca na výpočet durácie kupónovej obligácie. Príklad.

Gespeichert in:
Bibliographische Detailangaben
1. Verfasser: Šoltés, Vincent
Format: Buchkapitel
Sprache:Slowakisch
Schlagworte:
Tags: Tag hinzufügen
Keine Tags, Fügen Sie das erste Tag hinzu!

MARC

LEADER 00000naa$a2200000$$$4500
001 0007572
005 20231102102459.6
041 0 |a slo 
044 |a SK 
245 1 0 |a Durácia kupónovej obligácie ako kritérium cenovej citlivosti obligácie vzhľadom na zmenu úrokových sadzieb  |c aut. Vincent Šoltés 
520 |a Pojem durácia kupónovej obligácie. Využitie durácie na výpočet teoretickej ceny obligácie pri zmene trhovej úrokovej sadzby. Odvodenie nového vzorca na výpočet durácie kupónovej obligácie. Príklad. 
610 2 0 |a durácia 
610 2 0 |a obligácie 
610 2 0 |a ceny 
610 2 0 |a sadzby úrokové 
610 2 0 |a pojmy 
100 1 |a Šoltés, Vincent